<?xml version="1.0" encoding="UTF-8"?>
<marc:record xmlns:marc="http://www.loc.gov/MARC21/slim">
   <marc:leader>00000nam a2200000 a 4500</marc:leader>
   <marc:datafield ind1=" " ind2=" " tag="653">
      <marc:subfield code="a">Mongolen</marc:subfield>
   </marc:datafield>
   <marc:datafield ind1=" " ind2=" " tag="653">
      <marc:subfield code="a">USA</marc:subfield>
   </marc:datafield>
   <marc:datafield ind1=" " ind2=" " tag="653">
      <marc:subfield code="a">Cowboy</marc:subfield>
   </marc:datafield>
   <marc:datafield ind1=" " ind2=" " tag="653">
      <marc:subfield code="a">Pferde</marc:subfield>
   </marc:datafield>
   <marc:datafield ind1=" " ind2=" " tag="653">
      <marc:subfield code="a">Dschingis Khan</marc:subfield>
   </marc:datafield>
   <marc:datafield ind1=" " ind2=" " tag="653">
      <marc:subfield code="a">Arbeitstiere</marc:subfield>
   </marc:datafield>
   <marc:datafield ind1=" " ind2=" " tag="653">
      <marc:subfield code="a">Ranch</marc:subfield>
   </marc:datafield>
   <marc:datafield ind1=" " ind2=" " tag="653">
      <marc:subfield code="a">Nomaden</marc:subfield>
   </marc:datafield>
   <marc:datafield ind1="0" ind2="0" tag="245">
      <marc:subfield code="a">Wunderbare Pferde - Reitervolk Mongolen</marc:subfield>
   </marc:datafield>
   <marc:datafield ind1="0" ind2="0" tag="245">
      <marc:subfield code="b">WAS ist WAS Dr. Manfred Baur</marc:subfield>
   </marc:datafield>
   <marc:datafield ind1="1" ind2=" " tag="520">
      <marc:subfield code="a">Wunderbare Pferde&lt;br/&gt;Pferde sind heute für viele Menschen beste Freunde, früher dienten sie auch als Arbeitstiere. Kommt mit auf eine Cattle Ranch in die USA, wo Cowboys auf Quarter Horses die Rinderherden treiben. Erfahrt alles über Pferde und wie man sie reitet.&lt;br/&gt;&lt;br/&gt;Reitervolk Mongolen&lt;br/&gt;Dschingis Khan begründete das größte Weltreich aller Zeiten. Was aber machte das Reitvolk so erfolgreich? Viele Mongolen leben auch heute noch als Nomaden und nennen ein Ger ihr Zuhause. Beim Nadaam-Fest lernen wir die besten Bogenschützen und Ringer kennen. Erfahrt auch, warum Kinder die Rennpferde reiten.&lt;br/&gt;&lt;br/&gt;</marc:subfield>
   </marc:datafield>
   <marc:datafield ind1=" " ind2=" " tag="300">
      <marc:subfield code="e">Tonie - Wissen</marc:subfield>
   </marc:datafield>
</marc:record>
